Povinnosti ošetrujúceho lekára vo vzťahu k lekárskej posudkovej činnosti nemocenského poistenia

Podmienky spolupráce posudkového lekára Sociálnej poisťovne s ošetrujúcim lekárom a odborným lekárom sú upravené v zákone č. 461/2003 Z. z. o sociálnom poistení. Postup a povinnosti posudkových lekárov Sociálnej poisťovne pri kontrole posudzovania spôsobilosti na prácu v rámci lekárskej posudkovej č...

Ausführliche Beschreibung

Gespeichert in:
Bibliographische Detailangaben
1. Verfasser: Besedová, Jana
Weitere Verfasser: Haláková, Ľubica
Format: Buchkapitel
Sprache:Slowakisch
Schlagworte:
Tags: Tag hinzufügen
Keine Tags, Fügen Sie das erste Tag hinzu!

MARC

LEADER 00000naa a2200000 4500
001 0136577
005 20220729105217.5
041 0 |a slo 
044 |a SK 
245 1 0 |a Povinnosti ošetrujúceho lekára vo vzťahu k lekárskej posudkovej činnosti nemocenského poistenia  |c Jana Besedová, Ľubica Haláková 
520 |a Podmienky spolupráce posudkového lekára Sociálnej poisťovne s ošetrujúcim lekárom a odborným lekárom sú upravené v zákone č. 461/2003 Z. z. o sociálnom poistení. Postup a povinnosti posudkových lekárov Sociálnej poisťovne pri kontrole posudzovania spôsobilosti na prácu v rámci lekárskej posudkovej činnosti. 
610 2 0 |a poistenie sociálne 
610 2 0 |a komisie zabezpečenia sociálneho 
610 2 0 |a posudky lekárske 
610 2 0 |a spôsobilosť k práci 
610 2 0 |a práceneschopnosť 
610 2 0 |a invalidita 
610 2 0 |a dôchodky invalidné 
610 2 0 |a politika poistná 
610 2 0 |a zákony 
100 1 |a Besedová, Jana 
700 1 |a Haláková, Ľubica